| 000 | 00592nam a22001937a 4500 | ||
|---|---|---|---|
| 003 | OSt | ||
| 005 | 20250930005254.0 | ||
| 008 | 250930b |||||||| |||| 00| 0 eng d | ||
| 020 | _a 0895864762 | ||
| 040 |
_aDWCL-Main lib _cOC |
||
| 082 | _aCirc. 641.5 L987g 1987 | ||
| 100 | _aLynch, Francis Talyn | ||
| 245 |
_aGarnishing: _ba feast for your eyes/ _cLynch Francis Talyn |
||
| 260 |
_aNew York: _b The Berkley Publishing Group, _cc1987. |
||
| 300 |
_a143 pages: _billustrations; _c26cm. |
||
| 504 | _aIncludes index | ||
| 650 | _a1. Garnishes (Cooking) | ||
| 942 |
_2ddc _cBK-CIRC _kCirc. _n0 |
||
| 999 |
_c4547 _d4547 |
||